书目信息 |
| 题名: |
长白山人参文化
|
|
| 作者: | 曹保明 著 | |
| 分册: | ||
| 出版信息: | 长春 吉林大学出版社 2014 |
|
| 页数: | 266页 | |
| 开本: | 24cm | |
| 丛书名: | ||
| 单 册: | ||
| 中图分类: | S567.5 | |
| 科图分类: | ||
| 主题词: | 人参--文化--吉林 , 人参 | |
| 电子资源: | ||
| ISBN: | 978-7-5677-1956-9 | |
| 000 | 00986nam0 2200253 450 | |
| 001 | 012015000186 | |
| 005 | 20151130094106.15 | |
| 010 | @a978-7-5677-1956-9@dCNY98.00 | |
| 100 | @a20141205d2014 em y0chiy50 ea | |
| 101 | 0 | @achi |
| 102 | @aCN@b220000 | |
| 105 | @aa z 000yy | |
| 106 | @ar | |
| 200 | 1 | @a长白山人参文化@Achang bai shan ren shen wen hua@f曹保明著 |
| 210 | @a长春@c吉林大学出版社@d2014 | |
| 215 | @a266页@c图@d24cm | |
| 300 | @a通化师范学院长白山非物质文化遗产研究文库 通化师范学院学术著作出版基金资助出版 吉林省2011计划长白山非物质文化遗产传承协同创新中心研究成果 吉林省优势特色学科民俗学研究成果 吉林省特色文化建设长白山文化研究基地研究成果 | |
| 330 | @a本书通过介绍人参抢救和挖掘,保护与研究,传承与传播人参文化遗产,对人类发展和创造美好未来产生深远的影响和意义。 | |
| 606 | 0 | @a人参@x文化@x吉林 |
| 606 | 0 | @a人参 |
| 690 | @aS567.5@v5 | |
| 701 | 0 | @a曹保明@Acao bao ming@f(1949-)@4著 |
| 801 | 0 | @aCN@b碧洲教育@c20151127 |
| 905 | @a10447@f3@dS567.5@e64 | |
| 长白山人参文化/曹保明著.-长春:吉林大学出版社,2014 |
| 266页:图;24cm |
| 通化师范学院长白山非物质文化遗产研究文库 通化师范学院学术著作出版基金资助出版 吉林省2011计划长白山非物质文化遗产传承协同创新中心研究成果 吉林省优势特色学科民俗学研究成果 吉林省特色文化建设长白山文化研究基地研究成果 |
| ISBN 978-7-5677-1956-9:CNY98.00 |
| 本书通过介绍人参抢救和挖掘,保护与研究,传承与传播人参文化遗产,对人类发展和创造美好未来产生深远的影响和意义。 |
| ● |
| 相关链接 |
|
|
|
|
正题名:长白山人参文化
索取号:S567.5/64
 
预约/预借
| 序号 | 登录号 | 条形码 | 馆藏地/架位号 | 状态 | 备注 |
| 1 | 0871533 | 208715336 | 第二样本阅览室/ [索取号:S567.5/64] | 在馆 | |
| 2 | 0871534 | 208715345 | 第三借阅区/ [索取号:S567.5/64] | 在馆 | |
| 3 | 0871535 | 208715354 | 第三借阅区/ [索取号:S567.5/64] | 在馆 |